[Event "Titled Tuesday intern op 13th Feb Early"]
[Site "Chess.com INT"]
[Date "2024.02.13"]
[Round "10"]
[White "Balkum, Alexander"]
[Black "Solcan, Martin"]
[Result "1-0"]
[WhiteElo "2105"]
[BlackElo "2204"]
[PlyCount "47"]
[EventDate "2024.02.13"]
[EventType "swiss (blitz)"]
[EventRounds "11"]
[EventCountry "USA"]
[SourceTitle "CB08_2024"]
[SourceDate "2024.02.21"]
[SourceVersion "1"]
[SourceVersionDate "2024.02.21"]
[SourceQuality "1"]

1. e4 c5 2. Nf3 g6 3. d4 cxd4 4. Qxd4 Nf6 5. Nc3 Nc6 6. Qa4 d6 7. e5 dxe5 8. Nxe5 Bd7 9. Nxd7 Nxd7 10. Bb5 Bg7 11. Be3 0-0 12. 0-0-0 Qc8 13. h4 Nb6 14. Qf4 Ne5 15. h5 Nbc4 16. Bd4 Qf5 17. Qxf5 gxf5 18. h6 Bf6 19. Nd5 Rac8 20. f4 Ng4 21. Bxf6 Nxf6 22. Nxe7+ Kh8 23. Nxc8 Rxc8 24. Bxc4 1-0

[Event "Titled Tuesday intern op 13th Feb Early"]
[Site "Chess.com INT"]
[Date "2024.02.13"]
[Round "2"]
[White "Corona Monraz, Ramiro"]
[Black "Solcan, Martin"]
[Result "0-1"]
[WhiteElo "1949"]
[BlackElo "2204"]
[PlyCount "134"]
[EventDate "2024.02.13"]
[EventType "swiss (blitz)"]
[EventRounds "11"]
[EventCountry "USA"]
[SourceTitle "CB08_2024"]
[SourceDate "2024.02.21"]
[SourceVersion "1"]
[SourceVersionDate "2024.02.21"]
[SourceQuality "1"]

1. b4 Nf6 2. Bb2 g6 3. e3 Bg7 4. f4 0-0 5. Nf3 d6 6. c4 a5 7. b5 Nbd7 8. Be2 e5 9. fxe5 Ng4 10. 0-0 dxe5 11. h3 Nh6 12. e4 f5 13. d3 b6 14. Nc3 Bb7 15. Nd5 Bxd5 16. cxd5 Qe7 17. Qc2 Nc5 18. Ba3 Rf7 19. Bxc5 bxc5 20. a4 Bf8 21. Rac1 Rg7 22. Qd2 g5 23. Qc3 g4 24. hxg4 Nxg4 25. Qd2 f4 26. Nh2 Ne3 27. Rf2 Qh4 28. Bf3 Be7 29. Nf1 Ng4 30. Bxg4 Rxg4 31. Nh2 Rg6 32. Nf3 Qh5 33. Kf1 Kh8 34. Ke1 Rag8 35. Kd1 Bd6 36. Kc2 Rg3 37. Rcf1 Qg4 38. Qe2 Rxg2 39. Rxg2 Qxg2 40. Qxg2 Rxg2+ 41. Kc3 Rg3 42. Ng5 Kg7 43. Ne6+ Kf6 44. Rh1 Kg6 45. Rf1 h5 46. Kc4 h4 47. Nxc5 Bxc5 48. Kxc5 h3 49. Rh1 Rxd3 50. b6 cxb6+ 51. Kxb6 Kg5 52. Kxa5 Kg4 53. Kb4 Kg3 54. Re1 h2 55. a5 f3 56. a6 f2 57. Rc1 Kg2 58. a7 f1Q 59. Rxf1 Kxf1 60. a8Q h1Q 61. Qa1+ Kg2 62. Qxh1+ Kxh1 63. Kc5 Rd4 64. d6 Rxe4 65. d7 Rd4 66. Kc6 e4 67. d8Q Rxd8 0-1

[Event "Titled Tuesday intern op 13th Feb Early"]
[Site "Chess.com INT"]
[Date "2024.02.13"]
[Round "4"]
[White "Gulecyuz, Deniz Alp"]
[Black "Solcan, Martin"]
[Result "0-1"]
[WhiteElo "1985"]
[BlackElo "2204"]
[PlyCount "46"]
[EventDate "2024.02.13"]
[EventType "swiss (blitz)"]
[EventRounds "11"]
[EventCountry "USA"]
[SourceTitle "CB08_2024"]
[SourceDate "2024.02.21"]
[SourceVersion "1"]
[SourceVersionDate "2024.02.21"]
[SourceQuality "1"]

1. e4 c5 2. Nf3 g6 3. d4 cxd4 4. Nxd4 Nc6 5. Nc3 Bg7 6. Be3 Nf6 7. Bc4 0-0 8. Bb3 a5 9. a4 Ng4 10. Bxf7+ Rxf7 11. Nxc6 bxc6 12. Qxg4 d5 13. Qd1 d4 14. Ne2 c5 15. c3 e5 16. 0-0 Ba6 17. Bd2 Qb6 18. cxd4 exd4 19. Bc1 c4 20. Ng3 c3 21. bxc3 Bxf1 22. Nxf1 dxc3 23. Qd5 Qxf2+ 0-1

[Event "Titled Tuesday intern op 13th Feb Early"]
[Site "Chess.com INT"]
[Date "2024.02.13"]
[Round "11"]
[White "Martin, Lewis"]
[Black "Solcan, Martin"]
[Result "1-0"]
[WhiteElo "2144"]
[BlackElo "2204"]
[PlyCount "101"]
[EventDate "2024.02.13"]
[EventType "swiss (blitz)"]
[EventRounds "11"]
[EventCountry "USA"]
[SourceTitle "CB08_2024"]
[SourceDate "2024.02.21"]
[SourceVersion "1"]
[SourceVersionDate "2024.02.21"]
[SourceQuality "1"]

1. c4 Nf6 2. g3 g6 3. Bg2 Bg7 4. Nf3 0-0 5. 0-0 c5 6. Nc3 Nc6 7. a3 d5 8. cxd5 Nxd5 9. e4 Nc7 10. b3 Bg4 11. Bb2 Ne6 12. h3 Bxf3 13. Bxf3 Ned4 14. Bg2 Qd7 15. Rc1 b6 16. f4 Rac8 17. e5 Na5 18. b4 Nc4 19. Ba1 Nxa3 20. bxc5 bxc5 21. Ne4 Qb5 22. Kh2 Rfd8 23. Rf2 a5 24. Bf1 Qb6 25. d3 Nab5 26. Qa4 Qa6 27. Rxc5 Rxc5 28. Nxc5 Qa7 29. Ne4 f5 30. Ng5 h6 31. Qa2+ e6 32. Nxe6 Nxe6 33. Qxe6+ Kh7 34. Ra2 Qe3 35. Qc4 Nd4 36. Bxd4 Rxd4 37. Qc2 Rd7 38. Rxa5 g5 39. Qe2 Qb6 40. Ra2 gxf4 41. gxf4 Qd4 42. Rc2 Qxf4+ 43. Kh1 Bxe5 44. Qg2 Rg7 45. Qf2 Qg5 46. Bg2 Bg3 47. Qd2 Bf4 48. Qf2 Be3 49. Qf3 f4 50. Qe4+ Qg6 51. Rc6 1-0

[Event "Titled Tuesday intern op 13th Feb Late"]
[Site "Chess.com INT"]
[Date "2024.02.13"]
[Round "10"]
[White "Serra Canals, Oriol"]
[Black "Solcan, Martin"]
[Result "0-1"]
[WhiteElo "2155"]
[BlackElo "2204"]
[PlyCount "74"]
[EventDate "2024.02.13"]
[EventType "swiss (blitz)"]
[EventRounds "11"]
[EventCountry "USA"]
[SourceTitle "CB08_2024"]
[SourceDate "2024.02.21"]
[SourceVersion "1"]
[SourceVersionDate "2024.02.21"]
[SourceQuality "1"]

1. d4 Nf6 2. Nf3 g6 3. g3 Bg7 4. Bg2 0-0 5. 0-0 c5 6. d5 d6 7. c4 Na6 8. Nc3 Nc7 9. Qc2 a6 10. a4 e6 11. e4 Rb8 12. h3 b5 13. axb5 axb5 14. Rd1 exd5 15. exd5 bxc4 16. Bf4 Bf5 17. Qd2 Ne4 18. Qc1 Rxb2 19. Qxb2 Nxc3 20. Qb6 Ne2+ 21. Kh2 Nxf4 22. gxf4 Bxa1 23. Rxa1 Nxd5 24. Qc6 Nxf4 25. Ng5 Qxg5 26. Ra7 Qxg2+ 27. Qxg2 Nxg2 28. Kxg2 c3 29. Ra1 c2 30. Rc1 Rb8 31. h4 Rb1 32. h5 Rxc1 33. h6 Rd1 34. f4 Rd3 35. Kf2 c1Q 36. Ke2 Qc2+ 37. Ke1 Rd1# 0-1

[Event "Titled Tuesday intern op 13th Feb Late"]
[Site "Chess.com INT"]
[Date "2024.02.13"]
[Round "9"]
[White "Solcan, Martin"]
[Black "Aaron, Deepak"]
[Result "0-1"]
[WhiteElo "2204"]
[BlackElo "2278"]
[PlyCount "68"]
[EventDate "2024.02.13"]
[EventType "swiss (blitz)"]
[EventRounds "11"]
[EventCountry "USA"]
[SourceTitle "CB08_2024"]
[SourceDate "2024.02.21"]
[SourceVersion "1"]
[SourceVersionDate "2024.02.21"]
[SourceQuality "1"]

1. g3 g6 2. Bg2 Nf6 3. Nf3 Bg7 4. 0-0 0-0 5. c4 d6 6. Nc3 e5 7. Rb1 a5 8. a3 Nc6 9. b4 axb4 10. axb4 Bg4 11. d3 Re8 12. Ne1 Qd7 13. Bg5 Bh3 14. Nc2 Bxg2 15. Kxg2 h6 16. Bxf6 Bxf6 17. Ne3 Bg7 18. Ned5 f5 19. Qd2 Nd8 20. b5 g5 21. b6 cxb6 22. Rxb6 e4 23. Rfb1 exd3 24. exd3 f4 25. Ne4 f3+ 26. Kxf3 Rxe4 27. dxe4 Qh3 28. Ne7+ Kh7 29. Qxd6 Ne6 30. Qxe6 Ra3+ 31. Ke2 Ra2+ 32. Kd3 Ra3+ 33. Kc2 Rc3+ 34. Kd2 Qxe6 0-1

[Event "Titled Tuesday intern op 13th Feb Late"]
[Site "Chess.com INT"]
[Date "2024.02.13"]
[Round "2"]
[White "Solcan, Martin"]
[Black "Mena, Martin"]
[Result "1-0"]
[WhiteElo "2204"]
[BlackElo "2032"]
[PlyCount "47"]
[EventDate "2024.02.13"]
[EventType "swiss (blitz)"]
[EventRounds "11"]
[EventCountry "USA"]
[SourceTitle "CB08_2024"]
[SourceDate "2024.02.21"]
[SourceVersion "1"]
[SourceVersionDate "2024.02.21"]
[SourceQuality "1"]

1. g3 d5 2. Nf3 Nf6 3. Bg2 Bg4 4. Ne5 Bf5 5. 0-0 Nbd7 6. d4 e6 7. b3 c5 8. e3 Bd6 9. Bb2 Bxe5 10. dxe5 Ng4 11. c4 dxc4 12. bxc4 Qc7 13. e4 0-0-0 14. exf5 Ndxe5 15. Qa4 Qb6 16. Bxe5 Nxe5 17. fxe6 Qb2 18. Qxa7 Nc6 19. Bxc6 bxc6 20. Na3 Qb7 21. Qa5 fxe6 22. Rab1 Qc7 23. Qxc5 Rd3 24. Rb6 1-0

[Event "Titled Tuesday intern op 13th Feb Late"]
[Site "Chess.com INT"]
[Date "2024.02.13"]
[Round "8"]
[White "Solcan, Martin"]
[Black "Tomiello, Lucas Costamilan"]
[Result "1-0"]
[WhiteElo "2204"]
[BlackElo "2280"]
[PlyCount "65"]
[EventDate "2024.02.13"]
[EventType "swiss (blitz)"]
[EventRounds "11"]
[EventCountry "USA"]
[SourceTitle "CB08_2024"]
[SourceDate "2024.02.21"]
[SourceVersion "1"]
[SourceVersionDate "2024.02.21"]
[SourceQuality "1"]

1. g3 d5 2. Nf3 Nf6 3. Bg2 c5 4. 0-0 e6 5. d4 c4 6. b3 cxb3 7. axb3 Nc6 8. c4 Be7 9. Nc3 0-0 10. Bg5 h6 11. Bxf6 Bxf6 12. e3 dxc4 13. bxc4 e5 14. d5 Na5 15. c5 e4 16. Nd4 Bxd4 17. exd4 f5 18. Qa4 b6 19. c6 Ba6 20. Rfc1 Bc4 21. Bf1 Bb3 22. Qb4 Bxd5 23. c7 Qd7 24. Nxd5 Qxd5 25. Ba6 Kh7 26. c8Q Raxc8 27. Rxc8 Rxc8 28. Bxc8 Nc6 29. Qf8 Nxd4 30. Rxa7 Ne2+ 31. Kg2 e3+ 32. f3 Qe5 33. Bxf5+ 1-0

[Event "Titled Tuesday intern op 13th Feb Late"]
[Site "Chess.com INT"]
[Date "2024.02.13"]
[Round "11"]
[White "Tulchynskyi, Feliks"]
[Black "Solcan, Martin"]
[Result "0-1"]
[WhiteElo "2288"]
[BlackElo "2204"]
[PlyCount "158"]
[EventDate "2024.02.13"]
[EventType "swiss (blitz)"]
[EventRounds "11"]
[EventCountry "USA"]
[SourceTitle "CB08_2024"]
[SourceDate "2024.02.21"]
[SourceVersion "1"]
[SourceVersionDate "2024.02.21"]
[SourceQuality "1"]

1. Nf3 Nf6 2. d4 g6 3. e3 Bg7 4. Bd3 0-0 5. 0-0 d6 6. b3 Nc6 7. Bb2 e5 8. dxe5 Ng4 9. Nbd2 Ngxe5 10. Nxe5 Nxe5 11. Rb1 Nxd3 12. cxd3 Bf5 13. Bxg7 Kxg7 14. Qc1 c6 15. Qc3+ Qf6 16. Rbc1 d5 17. Qxf6+ Kxf6 18. d4 Rfe8 19. Rc3 a5 20. a3 Bd7 21. Rb1 Kg7 22. h3 f5 23. Nf3 f4 24. exf4 Re4 25. g3 Rae8 26. Rd1 Bxh3 27. Ng5 Re1+ 28. Rxe1 Rxe1+ 29. Kh2 Bf5 30. Nf3 Ra1 31. a4 Be4 32. g4 Bxf3 33. Rxf3 Rd1 34. Re3 Kf6 35. Kg3 Rxd4 36. f3 Rb4 37. Rc3 d4 38. Rd3 c5 39. Kf2 Ke6 40. Kg3 Kd5 41. f5 gxf5 42. gxf5 Rb6 43. Kf4 Rf6 44. Rd1 c4 45. bxc4+ Kxc4 46. Rb1 d3 47. Rxb7 Rd6 48. Rb1 d2 49. Rd1 Kd3 50. Ke5 Rd8 51. f6 h5 52. f7 h4 53. Kf6 Ke2 54. Rh1 d1Q 55. Rxd1 Kxd1 56. Ke7 Ra8 57. f4 h3 58. f5 h2 59. f8Q Rxf8 60. Kxf8 h1Q 61. f6 Qc6 62. f7 Qxa4 63. Kg7 Qg4+ 64. Kf6 Qf4+ 65. Ke7 Qxf7+ 66. Kxf7 a4 67. Ke6 a3 68. Kd5 a2 69. Kc4 a1Q 70. Kd3 Qa8 71. Ke3 Kc2 72. Kf4 Kd3 73. Ke5 Kc4 74. Kf6 Kd5 75. Kg7 Qc6 76. Kg8 Qc7 77. Kh8 Ke6 78. Kg8 Kf6 79. Kh8 Qg7# 0-1

[Event "Titled Tuesday intern op 06th Feb Late"]
[Site "Chess.com INT"]
[Date "2024.02.06"]
[Round "7"]
[White "Roberson, Peter T"]
[Black "Solcan, Martin"]
[Result "0-1"]
[WhiteElo "2426"]
[BlackElo "2204"]
[PlyCount "48"]
[EventDate "2024.02.06"]
[EventType "swiss (blitz)"]
[EventRounds "11"]
[EventCountry "USA"]
[SourceTitle "CB07_2024"]
[SourceDate "2024.02.14"]
[SourceVersion "1"]
[SourceVersionDate "2024.02.14"]
[SourceQuality "1"]

1. e4 c5 2. Nf3 g6 3. h4 Nc6 4. h5 Bg7 5. Bb5 Nd4 6. Bc4 e6 7. c3 Nxf3+ 8. Qxf3 Ne7 9. h6 Be5 10. d4 cxd4 11. cxd4 Bxd4 12. Be3 Nc6 13. Nc3 Ne5 14. Qg3 Qb6 15. 0-0-0 Bxe3+ 16. fxe3 Nxc4 17. Rd4 Qxb2+ 18. Kd1 Qxc3 19. Rxc4 Qxc4 20. Qe5 Rg8 21. Qg7 Rxg7 22. hxg7 Qd3+ 23. Ke1 Qc3+ 24. Kf2 Qxg7 0-1

[Event "Titled Tuesday intern op 06th Feb Late"]
[Site "Chess.com INT"]
[Date "2024.02.06"]
[Round "1"]
[White "Rozman, Levy"]
[Black "Solcan, Martin"]
[Result "1-0"]
[WhiteElo "2322"]
[BlackElo "2204"]
[PlyCount "55"]
[EventDate "2024.02.06"]
[EventType "swiss (blitz)"]
[EventRounds "11"]
[EventCountry "USA"]
[SourceTitle "CB07_2024"]
[SourceDate "2024.02.14"]
[SourceVersion "1"]
[SourceVersionDate "2024.02.14"]
[SourceQuality "1"]

1. e4 c5 2. a3 g6 3. Nc3 Bg7 4. Bc4 Nc6 5. d3 e6 6. Ba2 Nge7 7. Nge2 0-0 8. h4 h5 9. g4 hxg4 10. h5 Nd4 11. Nxd4 cxd4 12. Ne2 d5 13. Ng3 e5 14. hxg6 fxg6 15. Bg5 Bf6 16. Qd2 Be6 17. 0-0-0 Qc7 18. Bxf6 Rxf6 19. Qh6 Kf7 20. exd5 Rg8 21. dxe6+ Ke8 22. Qd2 Rgf8 23. Ne4 Rf4 24. Rh7 Qb6 25. Qb4 Qxb4 26. axb4 Kd8 27. Rf7 Nc6 28. Rxb7 1-0

[Event "Titled Tuesday intern op 06th Feb Late"]
[Site "Chess.com INT"]
[Date "2024.02.06"]
[Round "10"]
[White "Shohat, Yotam"]
[Black "Solcan, Martin"]
[Result "0-1"]
[WhiteElo "2369"]
[BlackElo "2204"]
[PlyCount "64"]
[EventDate "2024.02.06"]
[EventType "swiss (blitz)"]
[EventRounds "11"]
[EventCountry "USA"]
[SourceTitle "CB07_2024"]
[SourceDate "2024.02.14"]
[SourceVersion "1"]
[SourceVersionDate "2024.02.14"]
[SourceQuality "1"]

1. e4 c5 2. Nf3 g6 3. d4 cxd4 4. Nxd4 Nc6 5. c4 Nf6 6. Nc3 d6 7. Be2 Nxd4 8. Qxd4 Bg7 9. Be3 0-0 10. Qd2 a5 11. 0-0 a4 12. Rad1 Be6 13. Bd4 Qa5 14. f4 Nd7 15. Nd5 Bxd5 16. exd5 Qxd2 17. Rxd2 Bxd4+ 18. Rxd4 Nc5 19. f5 Ra6 20. Bd1 Rb6 21. Rd2 Rb4 22. Re2 Re8 23. f6 e5 24. dxe6 Rxe6 25. Rxe6 fxe6 26. f7+ Kf8 27. b3 axb3 28. axb3 Nxb3 29. Bxb3 Rxb3 30. Rf6 Re3 31. Kf2 Re5 32. Kf3 Rf5+ 0-1

[Event "Titled Tuesday intern op 06th Feb Early"]
[Site "Chess.com INT"]
[Date "2024.02.06"]
[Round "3"]
[White "Solcan, Martin"]
[Black "Avramidou, Anastasia"]
[Result "1-0"]
[WhiteElo "2204"]
[BlackElo "2287"]
[PlyCount "111"]
[EventDate "2024.02.06"]
[EventType "swiss (blitz)"]
[EventRounds "11"]
[EventCountry "USA"]
[SourceTitle "CB07_2024"]
[SourceDate "2024.02.14"]
[SourceVersion "1"]
[SourceVersionDate "2024.02.14"]
[SourceQuality "1"]

1. g3 g6 2. Bg2 Bg7 3. Nf3 Nf6 4. 0-0 0-0 5. c4 c5 6. Nc3 Nc6 7. a3 d6 8. Rb1 a5 9. d3 e5 10. Ne1 Be6 11. Nc2 Qd7 12. b4 axb4 13. axb4 cxb4 14. Nxb4 Bh3 15. Bg5 Bxg2 16. Kxg2 Nd4 17. Nbd5 Nxd5 18. Nxd5 f6 19. Be3 Nf5 20. Qb3 Rab8 21. Ba7 Nd4 22. Qb2 Rbe8 23. e3 Nc6 24. Qxb7 Rf7 25. Qxd7 Rxd7 26. Bb6 f5 27. Rb5 Ra8 28. Rfb1 Kf7 29. e4 Ra3 30. R5b3 Ra2 31. Be3 fxe4 32. dxe4 Na5 33. Rc3 Nc6 34. c5 dxc5 35. Rxc5 Nd4 36. Rc4 Ne6 37. Rcb4 Ra8 38. Rb7 Rad8 39. h4 Bf8 40. Bg5 Nxg5 41. hxg5 Be7 42. f4 exf4 43. gxf4 Ke6 44. R1b6+ Kf7 45. Kf3 Bc5 46. Rb5 Be7 47. Kg4 Ke6 48. R5b6+ Kf7 49. Rb1 Ke6 50. Rxd7 Rxd7 51. Rh1 Bf8 52. Nf6 Rd4 53. Rxh7 Be7 54. Nd5 Ba3 55. Nc7+ Kd6 56. Nb5+ 1-0

[Event "Titled Tuesday intern op 06th Feb Early"]
[Site "Chess.com INT"]
[Date "2024.02.06"]
[Round "10"]
[White "Yuan, Qingyu"]
[Black "Solcan, Martin"]
[Result "1-0"]
[WhiteElo "2360"]
[BlackElo "2204"]
[PlyCount "33"]
[EventDate "2024.02.06"]
[EventType "swiss (blitz)"]
[EventRounds "11"]
[EventCountry "USA"]
[SourceTitle "CB07_2024"]
[SourceDate "2024.02.14"]
[SourceVersion "1"]
[SourceVersionDate "2024.02.14"]
[SourceQuality "1"]

1. e4 c5 2. Nf3 g6 3. c3 d5 4. exd5 Qxd5 5. d4 Bg7 6. Nbd2 cxd4 7. Bc4 Qd6 8. Nxd4 Nf6 9. 0-0 0-0 10. N2f3 Rd8 11. Qe2 Bg4 12. Bxf7+ Kxf7 13. Ne5+ Kg8 14. Nxg4 Nc6 15. Ne6 Rd7 16. Bf4 Qd5 17. Rad1 1-0

[Event "SVK-chT 2324"]
[Site "Slovakia"]
[Date "2023.12.09"]
[Round "3.3"]
[White "Solcan, Martin"]
[Black "Cernousek, Lukas"]
[Result "1/2-1/2"]
[WhiteElo "2177"]
[BlackElo "2451"]
[PlyCount "54"]
[EventDate "2023.11.04"]
[EventType "team-tourn"]
[EventRounds "11"]
[EventCountry "SVK"]
[SourceTitle "CB04_2024"]
[SourceDate "2023.10.16"]
[SourceVersion "1"]
[SourceVersionDate "2023.10.16"]
[SourceQuality "1"]
[WhiteTeam "Levice"]
[BlackTeam "Dubnica nad Vahom"]
[WhiteTeamCountry "SVK"]
[BlackTeamCountry "SVK"]

1. g3 d5 2. Nf3 c5 3. Bg2 Nf6 4. 0-0 g6 5. d3 Bg7 6. c4 Nc6 7. Nc3 0-0 8. cxd5 Nxd5 9. Nxd5 Qxd5 10. Nd2 Qe6 11. Nc4 Bd7 12. a4 b6 13. Bd2 Rac8 14. Bc3 Rfd8 15. Qd2 Nd4 16. Bxd4 Bxd4 17. Ra2 Bc6 18. Bxc6 Rxc6 19. b4 cxb4 20. Qxb4 Rd5 21. e3 Bc5 22. Qb3 Rh5 23. Re1 g5 24. Nd2 Qf5 25. Nf1 Rch6 26. d4 Bd6 27. e4 Qe6 1/2-1/2

[Event "SVK-ch Amateurs"]
[Site "Liptovsky Jan"]
[Date "2023.06.18"]
[Round "8"]
[White "Solcan, Martin"]
[Black "Jeet, Jain"]
[Result "1/2-1/2"]
[WhiteElo "2165"]
[BlackElo "2199"]
[PlyCount "56"]
[EventDate "2023.06.15"]
[EventType "swiss"]
[EventRounds "8"]
[EventCountry "SVK"]
[SourceTitle "CBM 214 Extra"]
[Source "ChessBase"]
[SourceDate "2023.07.31"]
[SourceVersion "1"]
[SourceVersionDate "2023.07.31"]
[SourceQuality "1"]

1. g3 d5 2. Nf3 c6 3. Bg2 Bg4 4. Ne5 Bf5 5. d3 Nd7 6. Nf3 e5 7. 0-0 Ngf6 8. Nc3 Be7 9. Nd2 d4 10. Nce4 Nxe4 11. dxe4 Be6 12. f4 f6 13. Nf3 c5 14. Nh4 g6 15. e3 Nb8 16. Qe2 Nc6 17. Bd2 Qb6 18. b3 a5 19. a4 Qa6 20. Qb5 dxe3 21. Bxe3 Qxb5 22. axb5 Nd4 23. Bxd4 cxd4 24. fxe5 fxe5 25. Nf3 Bd6 26. Ng5 Bg8 27. Bh3 Ke7 28. Kg2 h6 1/2-1/2

[Event "SVK-ch Amateurs"]
[Site "Liptovsky Jan"]
[Date "2023.06.16"]
[Round "3"]
[White "Budinsky, Martin"]
[Black "Solcan, Martin"]
[Result "0-1"]
[WhiteElo "2025"]
[BlackElo "2165"]
[PlyCount "74"]
[EventDate "2023.06.15"]
[EventType "swiss"]
[EventRounds "8"]
[EventCountry "SVK"]
[SourceTitle "CBM 214 Extra"]
[Source "ChessBase"]
[SourceDate "2023.07.31"]
[SourceVersion "1"]
[SourceVersionDate "2023.07.31"]
[SourceQuality "1"]

1. e4 c5 2. Nf3 g6 3. Bc4 Bg7 4. c3 e6 5. d4 cxd4 6. cxd4 d5 7. Bb5+ Bd7 8. Bxd7+ Qxd7 9. e5 Nc6 10. Nc3 f6 11. Bf4 fxe5 12. dxe5 Nh6 13. 0-0 0-0 14. Qd2 Nf7 15. Rfe1 a6 16. Rac1 Rac8 17. Ne4 Nfxe5 18. Nc5 Qd6 19. Ng5 Nd8 20. Nd3 Rxc1 21. Rxc1 Rf5 22. Re1 Ndc6 23. Qe3 Qe7 24. Nxe5 Bxe5 25. Nh3 Qb4 26. Bh6 Qxb2 27. g4 Rf6 28. Bg5 Rf7 29. Re2 Qb4 30. Kh1 Qxg4 31. f4 Bd4 32. Qd3 Bg7 33. Nf2 Qf5 34. Qg3 Qb1+ 35. Kg2 Nd4 36. Rd2 Nf5 37. Qc3 Bxc3 0-1

[Event "CZE-ch Amateur"]
[Site "Hluk"]
[Date "2023.05.08"]
[Round "4"]
[White "Solcan, Martin"]
[Black "Steiner, Juraj"]
[Result "1-0"]
[WhiteElo "2135"]
[BlackElo "1888"]
[PlyCount "63"]
[EventDate "2023.05.06"]
[EventType "swiss"]
[EventRounds "9"]
[EventCountry "CZE"]
[SourceTitle "CBM 214 Extra"]
[Source "ChessBase"]
[SourceDate "2023.07.31"]
[SourceVersion "1"]
[SourceVersionDate "2023.07.31"]
[SourceQuality "1"]

1. g3 d5 2. Bg2 e6 3. Nf3 f5 4. 0-0 Nf6 5. d3 Bd6 6. Nc3 0-0 7. e4 dxe4 8. dxe4 e5 9. exf5 Bxf5 10. Qe2 Nc6 11. Bg5 Qe8 12. Rfe1 Qh5 13. Bxf6 Rxf6 14. Ne4 Rh6 15. h4 Rf8 16. c3 Kh8 17. Nfg5 Qxe2 18. Rxe2 Be7 19. Rae1 Rg6 20. Re3 h6 21. Nf3 Bxe4 22. Rxe4 Bc5 23. b4 Bb6 24. b5 Na5 25. R1e2 Rgf6 26. Nxe5 Rxf2 27. Kh2 Rxe2 28. Rxe2 Rf2 29. Re1 Bc5 30. Nd3 Rf5 31. Be4 Rh5 32. Bg6 1-0

[Event "SVK-chT2B 2223"]
[Site "Slovakia"]
[Date "2023.03.26"]
[Round "11.1"]
[White "Solcan, Martin"]
[Black "Kukucka, Matej"]
[Result "1/2-1/2"]
[WhiteElo "2127"]
[BlackElo "2100"]
[PlyCount "44"]
[EventDate "2022.10.08"]
[EventType "team-tourn"]
[EventRounds "11"]
[EventCountry "SVK"]
[SourceTitle "EXT 2024"]
[Source "ChessBase"]
[SourceDate "2023.10.10"]
[SourceVersion "1"]
[SourceVersionDate "2023.10.10"]
[SourceQuality "1"]
[WhiteTeam "Levice II"]
[BlackTeam "Povazske Podhradie"]
[WhiteTeamCountry "SVK"]
[BlackTeamCountry "SVK"]

1. g3 e5 2. Bg2 Nc6 3. c4 f5 4. Nc3 Nf6 5. e3 d5 6. Nxd5 Nxd5 7. cxd5 Nb4 8. d3 Nxd5 9. Nf3 Bd6 10. 0-0 c6 11. b3 Qe7 12. Bb2 0-0 13. a3 Nf6 14. Qc2 Re8 15. Nd2 Bc7 16. b4 Be6 17. Nb3 Rad8 18. Nc5 Bc8 19. Rfd1 f4 20. exf4 exf4 21. Qc4+ Kh8 22. Qc3 Qf7 1/2-1/2

[Event "SVK-chT2B 2223"]
[Site "Slovakia"]
[Date "2023.02.11"]
[Round "8.3"]
[White "Solcan, Martin"]
[Black "Barczi, Tibor"]
[Result "1-0"]
[WhiteElo "2127"]
[BlackElo "1975"]
[PlyCount "45"]
[EventDate "2022.10.08"]
[EventType "team-tourn"]
[EventRounds "11"]
[EventCountry "SVK"]
[SourceTitle "EXT 2024"]
[Source "ChessBase"]
[SourceDate "2023.10.10"]
[SourceVersion "1"]
[SourceVersionDate "2023.10.10"]
[SourceQuality "1"]
[WhiteTeam "Levice II"]
[BlackTeam "Batorove Kosihy"]
[WhiteTeamCountry "SVK"]
[BlackTeamCountry "SVK"]

1. g3 d5 2. Bg2 e5 3. c4 c6 4. cxd5 cxd5 5. d4 e4 6. a3 Nc6 7. Nc3 f5 8. Nh3 Be6 9. 0-0 h6 10. f3 Nf6 11. fxe4 dxe4 12. Nf4 Bf7 13. e3 Qb6 14. b4 Rd8 15. Na4 Qb5 16. Qc2 a5 17. Bd2 g5 18. Nh3 axb4 19. axb4 Nxb4 20. Bxb4 Bxb4 21. Nc5 g4 22. Rxf5 Nd5 23. Qxe4+ 1-0

[Event "SVK-chT1W 2223"]
[Site "Slovakia"]
[Date "2022.12.03"]
[Round "5.3"]
[White "Solcan, Martin"]
[Black "Kalisky, Vladimir"]
[Result "1-0"]
[WhiteElo "2127"]
[BlackElo "2116"]
[PlyCount "85"]
[EventDate "2022.10.15"]
[EventType "team-tourn"]
[EventRounds "11"]
[EventCountry "SVK"]
[SourceTitle "EXT 2024"]
[Source "ChessBase"]
[SourceDate "2023.10.10"]
[SourceVersion "1"]
[SourceVersionDate "2023.10.10"]
[SourceQuality "1"]
[WhiteTeam "Levice"]
[BlackTeam "Nitra NSK"]
[WhiteTeamCountry "SVK"]
[BlackTeamCountry "SVK"]

1. g3 d5 2. Nf3 Nf6 3. Bg2 c6 4. 0-0 Bf5 5. d3 e6 6. Nc3 h6 7. Nd2 e5 8. e4 dxe4 9. dxe4 Be6 10. Qe2 Nbd7 11. f4 Bg4 12. Qe1 Bc5+ 13. Kh1 h5 14. Nb3 Bb6 15. Na4 h4 16. Nxb6 axb6 17. fxe5 Nxe5 18. h3 hxg3 19. Qxg3 Qe7 20. Kg1 Nh5 21. Qc3 Bd7 22. Nd4 Ra4 23. b3 Rxd4 24. Qxd4 Ng3 25. Rf2 Rxh3 26. Bf4 f6 27. Rd1 Bg4 28. Rdd2 g5 29. Bxe5 fxe5 30. Qxb6 Rh6 31. Rd8+ Qxd8 32. Rf8+ Kxf8 33. Qxd8+ Kf7 34. Qxg5 Rg6 35. Qxe5 Ne2+ 36. Kf2 b5 37. Ke3 b4 38. Qc7+ Kg8 39. Qb8+ Kh7 40. Qxb4 Bh5 41. Qe7+ Rg7 42. Qh4 Rg3+ 43. Kf2 1-0

[Event "SVK-chT1W 2223"]
[Site "Slovakia"]
[Date "2022.11.06"]
[Round "4.5"]
[White "Bella, Julius"]
[Black "Solcan, Martin"]
[Result "0-1"]
[WhiteElo "1932"]
[BlackElo "2127"]
[PlyCount "80"]
[EventDate "2022.10.15"]
[EventType "team-tourn"]
[EventRounds "11"]
[EventCountry "SVK"]
[SourceTitle "EXT 2024"]
[Source "ChessBase"]
[SourceDate "2023.10.10"]
[SourceVersion "1"]
[SourceVersionDate "2023.10.10"]
[SourceQuality "1"]
[WhiteTeam "Trnava Sered"]
[BlackTeam "Levice"]
[WhiteTeamCountry "SVK"]
[BlackTeamCountry "SVK"]

1. e4 c5 2. Nf3 g6 3. d4 cxd4 4. Nxd4 Bg7 5. Nc3 Nc6 6. Be3 Nf6 7. Bc4 0-0 8. Bb3 a5 9. f3 d5 10. exd5 Nb4 11. Qd2 Nfxd5 12. Nxd5 Nxd5 13. Bh6 a4 14. Bxd5 Qxd5 15. Bxg7 Kxg7 16. Ne2 Qxd2+ 17. Kxd2 Rd8+ 18. Ke3 e5 19. Rad1 Bf5 20. c3 Be6 21. a3 Bb3 22. Rxd8 Rxd8 23. g3 Bc4 24. Nc1 f5 25. Re1 Kf6 26. h4 h6 27. Rh1 b5 28. Rg1 g5 29. f4 exf4+ 30. gxf4 g4 31. Rh1 Re8+ 32. Kf2 Re4 33. Rd1 Rxf4+ 34. Kg2 Rf3 35. Rd6+ Ke5 36. Rd8 Kf4 37. Rd4+ Ke3 38. Rd6 Rf2+ 39. Kg3 h5 40. Rd8 f4# 0-1